[Event "FRA-ch U12"]
[Site "Belfort"]
[Date "2017.04.16"]
[Round "1.3"]
[White "Papadiamandis, Elliot"]
[Black "Lemoine, Victor"]
[Result "1-0"]
[WhiteElo "1944"]
[BlackElo "1470"]
[PlyCount "71"]
[EventDate "2017.04.16"]
[EventType "swiss"]
[EventRounds "9"]
[EventCountry "FRA"]
[SourceTitle "EXT 2019"]
[Source "ChessBase"]
[SourceDate "2018.10.10"]
[SourceVersion "1"]
[SourceVersionDate "2018.10.10"]
[SourceQuality "1"]

1. e4 Nc6 2. d4 d5 3. e5 Bf5 4. Nf3 Qd7 5. a3 0-0-0 6. Be2 e6 7. b4 f6 8. b5 Nce7 9. a4 c6 10. Nc3 Kb8 11. Ba3 Nc8 12. 0-0 h5 13. Qb1 Nb6 14. Qb3 Rc8 15. Bxf8 Rxf8 16. Ra2 Nc8 17. Rb1 Rf7 18. Rab2 Nh6 19. bxc6 Qxc6 20. Bb5 Qb6 21. Qa3 a5 22. Be8 Qxb2 23. Rxb2 Rxe8 24. Qc5 b6 25. Qxa5 Rb7 26. Qb5 Ree7 27. Na2 Nf7 28. Nb4 Na7 29. Nc6+ Nxc6 30. Qxc6 Rec7 31. Qe8+ Rc8 32. Qb5 Bxc2 33. h3 fxe5 34. dxe5 Be4 35. a5 d4 36. a6 1-0